U.S. States Closest to New Delhi - Statistics

General Stats
  • This quiz has been taken 284 times
    274 since last reset
  • The average score is 8 of 10
Answer Stats
mi state km % Correct
5542 Alaska 8919
91%
6915 Maine 11129
91%
7143 New York 11496
90%
7090 New Hampshire 11410
86%
7029 Vermont 11302
86%
7134 Massachusetts 11481
82%
7186 Rhode Island 11565
82%
7223 Connecticut 11624
78%
7299 Michigan 11747
66%
7035 Washington 11322
61%
No matching quizzes found
Score Distribution
Percent of People with Each Score
Percentile by Number Answered
Your Score History
You have not taken this quiz since the last reset